000 01168nam a2200217Ia 4500
999 _c50860
_d50860
001 17815
003 GE_BSU
005 20200224160449.0
008 181216s1977en xx |||||||||||||| ||eng||
040 _cGE_BSU
041 _aeng
080 _a353.03(73) P-97
245 _aPublic papers of the presidents of the United States Gerard R. Ford. II
_bContaining the Public Message, Speeches, and Statements of the President. 1975 (in two books) book II -july 21, to december 31, 1975
264 _aWashington :
_bUnited States government printing office,
_c1977.
300 _a2061 p.:
_c26 cm.
653 _aContaining the Public Message, Speeches, and Statements of the President. 1975 (in two books) book II -july 21, to december 31, 1975
653 _aPublic papers of the presidents of the United States Gerard R. Ford
653 _aშეერთებული შტატების პრეზიდენტების ჯერალდ რ ფორდის საჯარო ნაშრომები
653 _aსახელმწიფო ადმინისტრაციული მმართველობა
942 _cBK
_2udc